000 00455nam a2200157 i 4500
001 39711
003 ES-MaACL
005 20230906160050.0
007 t|
008 030304s1921 sp ||||1| spa d
100 1 _aCampo Echevarria, Antonio del.
_934211
245 1 4 _aLas comunidades de Castilla
_b: apuntes y documentos /
_cAntonio del Campo Echevarria.
260 _aSantander :
_bLa Atalaya,
_c1921.
300 _a32 p.
852 _aES-MaACL
_j1663-F-9
999 _c39711
_d39711